[Event "Women's Speed Chess Q4"]
[Site "chess.com INT"]
[Date "2021.06.03"]
[Round "13"]
[White "Jakubowska, Anna"]
[Black "Matveeva, Olga"]
[Result "1-0"]
[WhiteTitle "WIM"]
[BlackTitle "WIM"]
[WhiteElo "2073"]
[BlackElo "2145"]
[WhiteFideId "1121952"]
[BlackFideId "24107018"]
[EventDate "2021.06.03"]

1. e4 e6 2. d4 d5 3. Nd2 c5 4. exd5 Qxd5 5. Ngf3 cxd4 6. Bc4 Qd6 7. O-O Nf6 8.
Nb3 Nc6 9. Nbxd4 Nxd4 10. Nxd4 a6 11. c3 Qc7 12. Bb3 Bd6 13. h3 O-O 14. Bg5 Ne4
15. Be3 e5 16. Nf3 Bd7 17. Bc2 Bc6 18. Ng5 Nxg5 19. Bxg5 h6 20. Be3 Rad8 21. Qg4
Bd7 22. Qh4 f5 23. Bxh6 gxh6 24. Qxh6 Rf7 25. Bb3 Bc6 26. Rad1 e4 27. Qg6+ Kf8
28. Bxf7 Qxf7 29. Rxd6 Qxg6 30. Rxg6 Rd2 31. h4 Rxb2 32. h5 e3 33. fxe3 1-0

[Event "Women's Speed Chess Q4"]
[Site "chess.com INT"]
[Date "2021.06.03"]
[Round "13"]
[White "Li, Xueyi"]
[Black "Ziegenfuss, Antonia"]
[Result "1-0"]
[WhiteTitle "WGM"]
[BlackTitle "WFM"]
[WhiteElo "2328"]
[BlackElo "2157"]
[WhiteFideId "8605912"]
[BlackFideId "12962554"]
[EventDate "2021.06.03"]

1. d4 Nf6 2. c4 e6 3. g3 d5 4. Bg2 dxc4 5. Nf3 Bd7 6. Ne5 Bc6 7. Nxc6 Nxc6 8. e3
Qd7 9. O-O O-O-O 10. Nd2 h5 11. Nxc4 h4 12. Bd2 Nd5 13. b4 f5 14. b5 Nce7 15.
Ne5 Qe8 16. a4 g5 17. a5 Kb8 18. Rb1 g4 19. Qb3 hxg3 20. fxg3 Qh5 21. Nc6+ Ka8
22. Nxd8 Qxh2+ 23. Kf2 Rh3 24. e4 f4 25. Rh1 fxg3+ 26. Kf1 Qxh1+ 27. Bxh1 Rxh1+
28. Kg2 Rh2+ 29. Kg1 Rxd2 30. exd5 Nxd5 31. Qxg3 Bd6 32. Qxg4 Ne3 33. Qg8 Rg2+
34. Qxg2 Nxg2 35. Kxg2 e5 36. d5 1-0

[Event "Women's Speed Chess Q4"]
[Site "chess.com INT"]
[Date "2021.06.03"]
[Round "13"]
[White "Vantika, Agrawal"]
[Black "Petrova, Irina"]
[Result "1-0"]
[WhiteTitle "WIM"]
[BlackTitle "WIM"]
[WhiteElo "2286"]
[BlackElo "2110"]
[WhiteFideId "25050389"]
[BlackFideId "14124122"]
[EventDate "2021.06.03"]

1. h4 d6 2. h5 e5 3. c4 Nc6 4. Nc3 Be6 5. b3 Nf6 6. h6 g6 7. Bb2 Ng4 8. Nd5 Nxh6
9. Nf3 Nf5 10. e3 Bg7 11. g4 Nfe7 12. Nxe7 Qxe7 13. g5 O-O-O 14. b4 f5 15. b5
Nb8 16. Qa4 e4 17. Nd4 d5 18. Qxa7 dxc4 19. Rc1 Bxd4 20. Bxd4 Rxd4 21. Qxd4 Rd8
22. Qc3 Qxg5 23. Bxc4 Bxc4 24. Qxc4 Qe7 25. a4 h5 26. a5 Rd6 27. Rg1 Qd8 28. Rc2
Nd7 29. Qc3 Qf6 30. Qxc7# 1-0

[Event "Women's Speed Chess Q4"]
[Site "chess.com INT"]
[Date "2021.06.03"]
[Round "13"]
[White "Daulyte-Cornette, Deimante"]
[Black "Sviridova, Vlada"]
[Result "1-0"]
[WhiteTitle "IM"]
[BlackTitle "WFM"]
[WhiteElo "2387"]
[BlackElo "2144"]
[WhiteFideId "12802859"]
[BlackFideId "24109606"]
[EventDate "2021.06.03"]

1. e4 e6 2. d4 d5 3. Nc3 Bb4 4. exd5 exd5 5. Bd3 Nc6 6. Nf3 Nge7 7. O-O Bg4 8.
h3 Bh5 9. a3 Bd6 10. Re1 Bxf3 11. Qxf3 Nxd4 12. Qxd5 O-O 13. Qxb7 c6 14. Ne4 Ng6
15. Bg5 f6 16. Be3 Be5 17. Rad1 Rb8 18. Qa6 Qc7 19. Bxd4 Bxd4 20. Qc4+ Kh8 21.
Qxd4 c5 22. Qc3 Nf4 23. Bf1 Qb6 24. Nxc5 Rbc8 25. b4 Ng6 26. Qg3 Ne5 27. Nd7
Nxd7 28. Rxd7 Rg8 29. Ree7 Rxc2 30. Rxg7 1-0

[Event "Women's Speed Chess Q4"]
[Site "chess.com INT"]
[Date "2021.06.03"]
[Round "13"]
[White "Enkhtuul, Altan-Ulzii"]
[Black "Dong, Khanh Linh"]
[Result "1-0"]
[WhiteTitle "WGM"]
[BlackTitle "WCM"]
[WhiteElo "2228"]
[BlackElo "1970"]
[WhiteFideId "4901444"]
[BlackFideId "12403040"]
[EventDate "2021.06.03"]

1. d4 Nf6 2. Nf3 e6 3. g3 c5 4. Bg2 Nc6 5. O-O b6 6. c4 d5 7. cxd5 Nxd5 8. e4
Nf6 9. d5 exd5 10. exd5 Qxd5 11. Qxd5 Nxd5 12. Ng5 Be6 13. Nc3 Nde7 14. Re1
O-O-O 15. Nxe6 fxe6 16. Rxe6 Kd7 17. Re1 Nd4 18. Bg5 h6 19. Bxe7 Bxe7 20. Rad1
Bf6 21. Nd5 Rhe8 22. Nxf6+ gxf6 23. Bh3+ Kc6 24. Bg2+ Kb5 25. Bf1+ Ka5 26. Rxe8
Rxe8 27. a3 b5 28. b4+ Kb6 29. bxc5+ Kxc5 30. Rc1+ Kb6 31. Rd1 Nf3+ 32. Kg2 Ne1+
33. Kh3 Re6 34. Rb1 a6 35. a4 Re5 36. f4 Re3 37. axb5 a5 38. Rc1 a4 39. Rc6+ Kb7
40. Rxf6 a3 41. Ra6 Nc2 42. f5 Nb4 43. Ra4 Rb3 44. Bc4 Rb2 45. Rxa3 Nc2 46. Rd3
Ne1 47. Rd7+ Kb6 48. Rd6+ Kc5 49. Rc6+ Kd4 50. f6 1-0

[Event "Women's Speed Chess Q4"]
[Site "chess.com INT"]
[Date "2021.06.03"]
[Round "13"]
[White "Farhat Willemstein, Stela Souza"]
[Black "Golubenko, Valentina"]
[Result "0-1"]
[WhiteTitle "WFM"]
[BlackTitle "WGM"]
[WhiteElo "1758"]
[BlackElo "2209"]
[WhiteFideId "2109808"]
[BlackFideId "4501993"]
[EventDate "2021.06.03"]

1. e4 e6 2. d4 d5 3. Nd2 c5 4. c3 cxd4 5. cxd4 Nc6 6. exd5 exd5 7. Ngf3 Nf6 8.
h3 Bd6 9. Bb5 O-O 10. O-O a6 11. Bd3 Nb4 12. Bb1 Bd7 13. a3 Nc6 14. Re1 Qb6 15.
Nf1 h6 16. b4 a5 17. Bb2 axb4 18. axb4 Rxa1 19. Bxa1 Bxb4 20. Re2 Bd6 21. Rb2
Qc7 22. Qb3 Na5 23. Qb6 Qxb6 24. Rxb6 Bc7 25. Rb4 Rb8 26. Ne3 Nc6 27. Rb3 b5 28.
Bd3 b4 29. Bb2 Na5 30. Bc2 Nxb3 31. Bxb3 Bc6 32. Ne5 Bxe5 33. dxe5 Ne4 34. Nxd5
Bxd5 35. Bxd5 Nc3 36. e6 Nxd5 37. exf7+ Kxf7 38. Kf1 Rc8 39. Ke1 Rc2 40. Bd4 b3
41. Kd1 Nc3+ 0-1

[Event "Women's Speed Chess Q4"]
[Site "chess.com INT"]
[Date "2021.06.03"]
[Round "13"]
[White "Pavlidou, Ekaterini"]
[Black "Cori T., Deysi"]
[Result "0-1"]
[WhiteTitle "WIM"]
[BlackTitle "WGM"]
[WhiteElo "2157"]
[BlackElo "2388"]
[WhiteFideId "4213262"]
[BlackFideId "3801934"]
[EventDate "2021.06.03"]

1. d4 Nf6 2. c4 g6 3. Nc3 Bg7 4. e4 d6 5. Bd3 O-O 6. Nge2 a6 7. h3 c5 8. d5 b5
9. O-O bxc4 10. Bxc4 Nbd7 11. f4 Nb6 12. Bd3 a5 13. a4 Ba6 14. Be3 Nfd7 15. Bb5
Nc4 16. Bxc4 Bxc4 17. Qd2 Rb8 18. Rf2 Qb6 19. Ng3 Qb4 20. h4 h5 21. e5 dxe5 22.
f5 Nf6 23. Bg5 Ng4 24. Bxe7 Nxf2 25. Qxf2 Rfe8 26. f6 Bh6 27. Bxc5 Qxb2 28. Qxb2
Rxb2 29. d6 Be6 30. Nb5 Rc2 31. Ba3 Be3+ 32. Kh2 Bd5 33. Nc7 Rxg2+ 34. Kh3 Rd2
35. Nf1 Bg2+ 36. Kg3 Bf4# 0-1

[Event "Women's Speed Chess Q4"]
[Site "chess.com INT"]
[Date "2021.06.03"]
[Round "13"]
[White "Potapova, Margarita"]
[Black "Doluhanova, Evgeniya"]
[Result "1-0"]
[WhiteTitle "WIM"]
[BlackTitle "WGM"]
[WhiteElo "2252"]
[BlackElo "2207"]
[WhiteFideId "14126869"]
[BlackFideId "14112035"]
[EventDate "2021.06.03"]

1. d4 Nf6 2. c4 e6 3. Nc3 Bb4 4. Qc2 O-O 5. e4 d5 6. e5 Ne4 7. Bd3 f5 8. exf6
Nxf6 9. Nf3 c5 10. a3 cxd4 11. axb4 dxc3 12. Qxc3 Nc6 13. Bg5 dxc4 14. Bxc4 Qb6
15. Bxf6 Rxf6 16. b5 Ne7 17. O-O Bd7 18. Qb4 Nd5 19. Qb3 Raf8 20. Rad1 Rxf3 21.
gxf3 Nf4 22. Rxd7 Qc5 23. Bxe6+ Kh8 24. Bg4 Qg5 25. Qb4 Re8 26. Rf7 1-0

[Event "Women's Speed Chess Q4"]
[Site "chess.com INT"]
[Date "2021.06.03"]
[Round "13"]
[White "Nguyen, Thi Thanh An"]
[Black "Vu, Bui Thi Thanh Van"]
[Result "1-0"]
[WhiteTitle "WGM"]
[BlackTitle "WFM"]
[WhiteElo "2259"]
[BlackElo "1750"]
[WhiteFideId "12400300"]
[BlackFideId "12408921"]
[EventDate "2021.06.03"]

1. d4 e6 2. Nf3 f5 3. c4 Nf6 4. g3 Be7 5. Bg2 d6 6. O-O O-O 7. Nc3 Ne4 8. Qc2
Nxc3 9. Qxc3 a5 10. a3 Bf6 11. Bf4 Nc6 12. Rfd1 Qe8 13. Qc2 e5 14. dxe5 dxe5 15.
Be3 Be6 16. Bc5 Rf7 17. h4 Rd7 18. Ng5 Bxg5 19. hxg5 Rad8 20. Rxd7 Qxd7 21. Be3
e4 22. Kf1 Qf7 23. b3 a4 24. bxa4 Bxc4 25. f3 exf3 26. Bxf3 Bd5 27. Rd1 Bxf3 28.
Rxd8+ Nxd8 29. exf3 Ne6 30. Qb3 b6 31. Qc4 Qd7 32. Ke2 Kf7 33. Qb5 Qd5 34. Qxd5 1-0

[Event "Women's Speed Chess Q4"]
[Site "chess.com INT"]
[Date "2021.06.03"]
[Round "13"]
[White "Cyfka, Karina"]
[Black "Antolak, Julia"]
[Result "1-0"]
[WhiteTitle "IM"]
[BlackTitle "WIM"]
[WhiteElo "2415"]
[BlackElo "2306"]
[WhiteFideId "1122681"]
[BlackFideId "1159569"]
[EventDate "2021.06.03"]

1. e4 c5 2. Nf3 e6 3. d3 d5 4. Nbd2 g6 5. g3 Bg7 6. Bg2 Ne7 7. O-O O-O 8. Re1
Nbc6 9. c3 a6 10. Nf1 dxe4 11. dxe4 b5 12. Be3 c4 13. Qxd8 Rxd8 14. Rad1 Bb7 15.
Bb6 Rxd1 16. Rxd1 Kf8 17. Rd7 Bc8 18. Rd6 Rb8 19. Bc5 Ke8 20. N1d2 Ne5 21. Nxe5
Bxe5 22. Rb6 Rxb6 23. Bxb6 Bb7 24. f4 Bb8 25. a4 Kd7 26. axb5 axb5 27. Kf2 Bc7
28. Bd4 Nc6 29. Bc5 Na5 30. Ke3 Bd6 31. Bxd6 Kxd6 32. e5+ Kc5 33. Bxb7 Nxb7 34.
Ne4+ Kd5 35. Nf6+ Kc6 36. Nxh7 Nc5 37. Ng5 Na4 38. Nxf7 Nxb2 39. Nh8 b4 40. cxb4
c3 41. Nxg6 Kb5 42. Nf8 Kc4 43. Nxe6 Nd1+ 44. Ke2 Nf2 45. b5 Ne4 46. Kd1 Kd3 47.
b6 Nf2+ 48. Kc1 Kc4 49. b7 Nd3+ 50. Kc2 Ne1+ 51. Kd1 c2+ 52. Kc1 Kc3 53. Nc5 1-0

[Event "Women's Speed Chess Q4"]
[Site "chess.com INT"]
[Date "2021.06.03"]
[Round "13"]
[White "Kulkarni, Bhakti"]
[Black "Gevorgyan, Maria"]
[Result "0-1"]
[WhiteTitle "IM"]
[BlackTitle "WGM"]
[WhiteElo "2391"]
[BlackElo "2219"]
[WhiteFideId "5019516"]
[BlackFideId "13300270"]
[EventDate "2021.06.03"]

1. d4 Nf6 2. Nf3 g6 3. g3 Bg7 4. Bg2 c5 5. d5 d6 6. O-O b5 7. a4 b4 8. c4 bxc3
9. bxc3 O-O 10. Re1 Nbd7 11. e4 Rb8 12. Bf4 Nh5 13. Bg5 h6 14. Be3 Qa5 15. Qd2
Kh7 16. Rc1 Nhf6 17. Qc2 Ba6 18. Bd2 Ng4 19. Na3 Nge5 20. Ne1 c4 21. f4 Nd3 22.
Nxc4 Qc5+ 23. Ne3 Nxc1 24. Rxc1 Nb6 25. Nd3 Bxd3 26. Qxd3 Nxa4 27. Kh1 Rfc8 28.
c4 Rb2 29. h4 Rcb8 30. h5 R8b3 31. Qe2 Rxd2 32. hxg6+ fxg6 33. Qxd2 Qxe3 34.
Qxe3 Rxe3 35. Kh2 Rc3 36. Rb1 Nb6 37. Ra1 Nxc4 38. Rxa7 Ne3 39. Kh3 Rc2 40. Bf3
Nf1 41. Bg2 Ne3 42. Bf3 Rf2 43. Bg4 Nf1 44. Be6 h5 45. Kh4 Bf6+ 46. Kh3 Rh2# 0-1

[Event "Women's Speed Chess Q4"]
[Site "chess.com INT"]
[Date "2021.06.03"]
[Round "13"]
[White "Bodnaruk, Anastasia"]
[Black "Girya, Olga"]
[Result "1-0"]
[WhiteTitle "IM"]
[BlackTitle "WGM"]
[WhiteElo "2457"]
[BlackElo "2451"]
[WhiteFideId "4181751"]
[BlackFideId "4195752"]
[EventDate "2021.06.03"]

1. e4 c6 2. d4 d5 3. e5 Bf5 4. Nf3 e6 5. Be2 Ne7 6. O-O Bg6 7. Nbd2 c5 8. dxc5
Nec6 9. Nb3 Nd7 10. Bb5 Bxc5 11. Nxc5 Nxc5 12. Nd4 Rc8 13. Be3 Nd7 14. Bxc6 bxc6
15. f4 O-O 16. c3 c5 17. Nf3 Rb8 18. Rf2 Rb7 19. h3 Be4 20. Ng5 Bg6 21. Nf3 Bh5
22. g4 Bg6 23. f5 exf5 24. Qxd5 Qb8 25. gxf5 Bxf5 26. Ng5 Bg6 27. Bf4 Rxb2 28.
e6 Rb1+ 29. Kh2 Qb5 30. Rxb1 Qxb1 31. exd7 Rd8 32. Bc7 h6 33. Bxd8 hxg5 34. Bxg5
Be4 35. d8=Q+ Kh7 36. Qxe4+ Qxe4 37. Qd2 Qe5+ 38. Bf4 Qe4 39. Qe3 1-0

[Event "Women's Speed Chess Q4"]
[Site "chess.com INT"]
[Date "2021.06.03"]
[Round "13"]
[White "Padmini, Rout"]
[Black "Dordzhieva, Dinara"]
[Result "1-0"]
[WhiteTitle "IM"]
[BlackTitle "WGM"]
[WhiteElo "2370"]
[BlackElo "2334"]
[WhiteFideId "5029295"]
[BlackFideId "24157570"]
[EventDate "2021.06.03"]

1. Nf3 d5 2. g3 c6 3. Bg2 Bg4 4. O-O Nf6 5. d3 Nbd7 6. Nbd2 e6 7. h3 Bh5 8. g4
Bg6 9. Nh4 Be7 10. e3 Ng8 11. Nxg6 hxg6 12. f4 Ngf6 13. Nf3 Qc7 14. Ng5 e5 15.
c4 O-O 16. Qe1 dxc4 17. dxc4 Nh7 18. Nxh7 Kxh7 19. b3 Bc5 20. Kh1 Rad8 21. f5
gxf5 22. Qh4+ Kg8 23. Rxf5 Qd6 24. Bb2 g6 25. Rf3 Ba3 26. Bxa3 Qxa3 27. Raf1 Nc5
28. g5 Qxa2 29. Qh6 Qxb3 30. h4 Qxc4 31. h5 gxh5 32. g6 Qh4+ 33. Rh3 Qxh3+ 34.
Bxh3 fxg6 35. Qxg6+ Kh8 36. Qxh5+ Kg7 37. Qg5+ Kh8 38. Qh6+ Kg8 39. Rg1+ Kf7 40.
Rg7+ Ke8 41. Qg6+ 1-0

[Event "Women's Speed Chess Q4"]
[Site "chess.com INT"]
[Date "2021.06.03"]
[Round "13"]
[White "Batsiashvili, Nino"]
[Black "Balabayeva, Xeniya"]
[Result "1/2-1/2"]
[WhiteTitle "GM"]
[BlackTitle "WFM"]
[WhiteElo "2491"]
[BlackElo "2178"]
[WhiteFideId "13602993"]
[BlackFideId "13719688"]
[EventDate "2021.06.03"]

1. d4 Nf6 2. c4 e6 3. Nc3 Bb4 4. Nf3 d5 5. e3 O-O 6. Bd2 c5 7. a3 Bxc3 8. Bxc3
cxd4 9. Nxd4 b6 10. Rc1 Bb7 11. b4 Nbd7 12. Bb2 Qe7 13. cxd5 Bxd5 14. Bd3 Rac8
15. O-O Ne5 16. Ba6 Rxc1 17. Qxc1 Nfd7 18. Qc2 f5 19. Rc1 Ng6 20. Bf1 Nh4 21.
Qc7 Qf7 22. Qg3 Ng6 23. Rc7 e5 24. Nf3 Qe6 25. Nxe5 Ndxe5 26. Rxa7 Nf7 27. h4
Bc4 28. h5 Bxf1 29. hxg6 hxg6 30. Kxf1 Qb3 31. Bd4 Qb1+ 32. Ke2 Qc2+ 33. Ke1
Qc1+ 34. Ke2 Qc2+ 35. Kf3 Qe4+ 36. Ke2 Qc2+ 1/2-1/2

[Event "Women's Speed Chess Q4"]
[Site "chess.com INT"]
[Date "2021.06.03"]
[Round "13"]
[White "Zaichenko, Daria"]
[Black "Eswaran, Aksithi"]
[Result "1-0"]
[WhiteTitle "WFM"]
[BlackTitle "WCM"]
[WhiteElo "2104"]
[BlackElo "1745"]
[WhiteFideId "4197453"]
[BlackFideId "2083485"]
[EventDate "2021.06.03"]

1. e4 c5 2. Nf3 Nc6 3. d4 cxd4 4. Nxd4 Nf6 5. Nc3 e5 6. Ndb5 d6 7. Bg5 a6 8. Na3
Be6 9. Nd5 Bxd5 10. exd5 Qa5+ 11. c3 Qxd5 12. Qxd5 Nxd5 13. O-O-O Nf6 14. Bxf6
gxf6 15. Nc4 Rd8 16. g4 d5 17. Nb6 d4 18. Bg2 Bc5 19. Nd5 Be7 20. Nc7+ Kf8 21.
Nd5 Kg7 22. cxd4 Nxd4 23. Nxe7 Rhe8 24. Nf5+ Nxf5 25. gxf5 Rc8+ 26. Kb1 Rc4 27.
Bxb7 Rb8 28. Bxa6 Rcb4 29. Rd2 Rf4 30. Rg1+ Kf8 31. b3 Rxf5 32. Bc4 Rb7 33. Bd5
Rd7 34. Kc2 Rf4 35. f3 Rc7+ 36. Kb2 Rb4 37. a3 Rb8 38. Rc1 Rd7 39. Rcd1 Rbd8 40.
Rd3 Ke7 41. Be4 Rxd3 42. Rxd3 Rxd3 43. Bxd3 Ke6 44. a4 f5 45. a5 Kd5 46. Bxf5
Kc5 47. Kc3 Kb5 48. b4 f6 49. Bxh7 1-0

[Event "Women's Speed Chess Q4"]
[Site "chess.com INT"]
[Date "2021.06.03"]
[Round "13"]
[White "Corrales Jimenez, Zenia"]
[Black "Pourkashiyan, Atousa"]
[Result "0-1"]
[WhiteTitle "WIM"]
[BlackTitle "WGM"]
[WhiteElo "2221"]
[BlackElo "2322"]
[WhiteFideId "3506355"]
[BlackFideId "12502014"]
[EventDate "2021.06.03"]

1. e4 c5 2. Nf3 e6 3. d4 cxd4 4. Nxd4 a6 5. c4 Nf6 6. Nc3 Qc7 7. Be2 Bb4 8. Qd3
Nc6 9. Nxc6 dxc6 10. O-O e5 11. Bg5 Be7 12. a3 h6 13. Be3 O-O 14. b4 Be6 15. Na4
Rfd8 16. Qc2 Nd7 17. Rfd1 c5 18. b5 axb5 19. cxb5 b6 20. Nc3 Nf6 21. a4 Rd4 22.
Rdc1 Rb4 23. h3 Bb3 24. Qd2 Bxa4 25. Bd1 Rd8 26. Nd5 Nxd5 27. exd5 Bxd1 28. Qxb4
Be2 29. Qb2 Bd3 30. Ra6 e4 31. g3 Rxd5 32. Rca1 Bf6 33. Ra8+ Kh7 34. Qa2 Bxa1
35. Qxa1 Rd7 36. Kg2 Be2 37. Kh2 Bf3 38. Bxh6 Kxh6 39. Rh8+ Kg6 40. h4 Rd1 41.
h5+ Kf5 42. Qxd1 Bxd1 43. Kh3 Bg4+ 44. Kh4 Qe7# 0-1

[Event "Women's Speed Chess Q4"]
[Site "chess.com INT"]
[Date "2021.06.03"]
[Round "13"]
[White "Fominykh, Maria"]
[Black "Zakirova, Aisha"]
[Result "1-0"]
[WhiteTitle "WGM"]
[BlackTitle "WCM"]
[WhiteElo "2206"]
[BlackElo "1585"]
[WhiteFideId "4142411"]
[BlackFideId "13719734"]
[EventDate "2021.06.03"]

1. d4 Nf6 2. c4 g6 3. Nc3 d5 4. cxd5 Nxd5 5. Bd2 Bg7 6. e4 Nxc3 7. Bxc3 c5 8. d5
Bxc3+ 9. bxc3 O-O 10. Qd2 e6 11. d6 e5 12. Nf3 Nc6 13. Bb5 f6 14. Qd5+ Kh8 15.
Qxc5 Be6 16. O-O Rc8 17. Qa3 a6 18. Be2 Na5 19. Rfd1 Nc4 20. Bxc4 Bxc4 21. Nd2
Be6 22. Nf1 Qd7 23. Ne3 Rfd8 24. Rd3 Rc6 25. Rad1 Kg7 26. h4 h5 27. R1d2 b5 28.
Qb4 Rb6 29. a4 Rdb8 30. a5 Rc6 31. Kh2 Bc4 32. Nxc4 Rxc4 33. Qb1 Rxe4 34. g3 Rc4
35. Rf3 Rc6 36. Qd1 e4 37. Re3 Rd8 38. Rxe4 Rxd6 39. Rxd6 Qxd6 40. Rd4 Qc5 41.
Rxd8 Qxf2+ 42. Kh1 Qxg3 43. Qd7+ Kh6 44. Rh8# 1-0

[Event "Women's Speed Chess Q4"]
[Site "chess.com INT"]
[Date "2021.06.03"]
[Round "13"]
[White "Ambartsumova, Karina"]
[Black "Morris-Suzuki, Sophie"]
[Result "0-1"]
[WhiteTitle "IM"]
[BlackTitle "WFM"]
[WhiteElo "2382"]
[BlackElo "2043"]
[WhiteFideId "4166299"]
[BlackFideId "30922615"]
[EventDate "2021.06.03"]

1. c4 Nf6 2. Nf3 e6 3. e3 c5 4. Nc3 b6 5. g3 Bb7 6. Bg2 d6 7. O-O Be7 8. b3 O-O
9. Bb2 Nbd7 10. Qe2 a6 11. Rfd1 Qc7 12. Rac1 Rad8 13. d4 Rfe8 14. e4 cxd4 15.
Nxd4 Bf8 16. h3 Qb8 17. Re1 g6 18. Rcd1 Bg7 19. Qc2 Rc8 20. a4 Nc5 21. Re2 Qa8
22. Rde1 Red8 23. f4 Nh5 24. Nd1 Nxg3 25. Re3 Nh5 26. Rf1 e5 27. Ne2 f5 28. fxe5
dxe5 29. Nec3 Nf4 30. Nd5 Bxd5 31. exd5 Qb8 32. Rfe1 Nxg2 33. Qxg2 Ne4 34. Nf2
Nxf2 35. Qxf2 f4 36. Re4 Re8 37. Qf3 b5 38. axb5 axb5 39. Bc3 bxc4 40. bxc4 Qb3
41. Qd3 Qb6+ 42. Kg2 Ra8 43. Bxe5 Ra2+ 44. Kh1 Qf2 45. Bxf4 Qg2# 0-1

[Event "Women's Speed Chess Q4"]
[Site "chess.com INT"]
[Date "2021.06.03"]
[Round "13"]
[White "Kanyamarala, Trisha"]
[Black "Agrest, Inna"]
[Result "1-0"]
[WhiteTitle "WIM"]
[BlackTitle "WIM"]
[WhiteElo "2180"]
[BlackElo "2285"]
[WhiteFideId "45004722"]
[BlackFideId "1708830"]
[EventDate "2021.06.03"]

1. d4 Nf6 2. c4 g6 3. Nc3 Bg7 4. e4 d6 5. Nf3 O-O 6. Be2 Nbd7 7. O-O e5 8. Qc2
Re8 9. Rd1 c6 10. h3 Qe7 11. d5 c5 12. a3 Nh5 13. b4 Nf4 14. Bf1 b6 15. Be3 Nf8
16. Rab1 f5 17. bxc5 bxc5 18. a4 fxe4 19. Nxe4 Bf5 20. Re1 Rab8 21. Bxf4 exf4
22. Bd3 Qd7 23. Neg5 Rxb1 24. Qxb1 Rxe1+ 25. Nxe1 Bxd3 26. Nxd3 Qxa4 27. Nxf4
Qxc4 28. g3 Qb4 29. Qd3 a5 30. Nfe6 Nxe6 31. dxe6 Qe1+ 32. Kg2 Qe5 33. Qf3 Bf6
34. Qa8+ Kg7 35. Qb7+ Kh6 36. Nf7+ Kh5 37. Nxe5 Bxe5 38. e7 Bf6 39. e8=Q c4 40.
Qec6 c3 41. Qc4 c2 42. g4+ Kh6 43. Qbc7 d5 44. Qxc2 d4 45. Qd2+ Bg5 46. Qxd4 a4
47. h4 1-0

[Event "Women's Speed Chess Q4"]
[Site "chess.com INT"]
[Date "2021.06.03"]
[Round "13"]
[White "Klinova, Masha"]
[Black "Mohota, Nisha"]
[Result "0-1"]
[WhiteTitle "IM"]
[BlackTitle "IM"]
[WhiteElo "2275"]
[BlackElo "2195"]
[WhiteFideId "2802015"]
[BlackFideId "5004330"]
[EventDate "2021.06.03"]

1. e4 Nf6 2. Nc3 d5 3. e5 Nfd7 4. d4 c5 5. dxc5 e6 6. Nf3 Bxc5 7. Bd3 Nc6 8. Bf4
f6 9. exf6 Qxf6 10. Bg5 Qf7 11. O-O Nf6 12. Qe2 O-O 13. Rae1 Nd4 14. Nxd4 Bxd4
15. Nd1 Bd7 16. c3 Bb6 17. Ne3 Rae8 18. Bh4 Kh8 19. h3 e5 20. Bxf6 gxf6 21. Bf5
Bxe3 22. fxe3 a6 23. Qd3 Bb5 24. Qd2 Bxf1 25. Rxf1 Rg8 26. Rf2 Rg5 27. Qc2 h5
28. e4 dxe4 29. Qxe4 Rd8 30. Kh2 Qd5 31. Qe3 Rdg8 32. Be4 Qf7 33. Qb6 Rf8 34.
Bxb7 Rb8 35. Rxf6 Qxb7 36. Rh6+ Kg8 37. Qe6+ Qf7 38. Qd6 Rf8 39. h4 Qf4+ 40. Kh1
Qf1+ 0-1

[Event "Women's Speed Chess Q4"]
[Site "chess.com INT"]
[Date "2021.06.03"]
[Round "13"]
[White "Narva, Mai"]
[Black "Zawadzka, Jolanta"]
[Result "1-0"]
[WhiteTitle "WIM"]
[BlackTitle "WGM"]
[WhiteElo "2276"]
[BlackElo "2399"]
[WhiteFideId "4500512"]
[BlackFideId "1122320"]
[EventDate "2021.06.03"]

1. e4 c6 2. d4 d5 3. f3 dxe4 4. fxe4 e5 5. Nf3 exd4 6. Bc4 Nf6 7. e5 Nd5 8. O-O
Bc5 9. Nxd4 Qh4 10. c3 Bg4 11. Qd3 O-O 12. Nd2 Nd7 13. Qe4 Qh5 14. h3 Be6 15.
Re1 Rae8 16. Bd3 f5 17. Qf3 Qh4 18. Qf2 Qxf2+ 19. Kxf2 Bf7 20. Nf3 Bg6 21. Bd2
Bb6 22. a4 Nc5 23. Bc4 Ne4+ 24. Kg1 Bh5 25. Be3 Kh8 26. Bxd5 cxd5 27. a5 Bc7 28.
e6 a6 29. Rac1 Bg3 30. Re2 f4 31. Bd2 Nc5 32. c4 Bxf3 33. gxf3 Nd3 34. Rc3 Nb4
35. Rc1 Nd3 36. Rc2 dxc4 37. Rxc4 Rf6 38. Rc3 Nxb2 39. e7 Rf7 40. Rc7 Nd3 41.
Rxb7 Bf2+ 42. Rxf2 Nxf2 43. Kxf2 Rfxe7 44. Rxe7 Rxe7 45. Bxf4 Rf7 46. Bd6 Rd7
47. Bc5 Rd5 48. Bb6 Rb5 49. Nxb5 axb5 50. a6 b4 51. a7 b3 52. a8=Q# 1-0

[Event "Women's Speed Chess Q4"]
[Site "chess.com INT"]
[Date "2021.06.03"]
[Round "13"]
[White "Pham, Le Thao Nguyen"]
[Black "Gaponenko, Inna"]
[Result "1-0"]
[WhiteTitle "IM"]
[BlackTitle "IM"]
[WhiteElo "2369"]
[BlackElo "2357"]
[WhiteFideId "12401226"]
[BlackFideId "14101181"]
[EventDate "2021.06.03"]

1. d4 g6 2. Nf3 Bg7 3. g3 d6 4. Bg2 Nf6 5. O-O O-O 6. c4 Nc6 7. Nc3 e5 8. d5 Nb8
9. e4 a5 10. Ne1 Na6 11. Nd3 Nd7 12. Be3 Ndc5 13. Nxc5 Nxc5 14. Bxc5 dxc5 15.
Qe2 f5 16. Rad1 f4 17. Bf3 Bh3 18. Rfe1 Qd7 19. Rd3 Rf6 20. g4 h5 21. gxh5 g5
22. Bg2 Bg4 23. f3 Bxh5 24. Nd1 g4 25. fxg4 Bxg4 26. Bf3 Rg6 27. Kh1 Kf7 28. Nf2
Bxf3+ 29. Qxf3 Rh8 30. Rg1 Rgh6 31. Rg2 Bf6 32. Qg4 Qxg4 33. Nxg4 Rh3 34. Rgd2
R3h4 35. Rg2 Rh3 36. Rgd2 R8h4 37. Rxh3 Rxh3 38. Kg2 Rh4 39. h3 Rh8 40. d6 Rd8
41. d7 Ke7 42. Rd5 b6 43. Nxe5 Bxe5 44. Rxe5+ Kd6 45. Rd5+ Ke7 46. Kf3 c6 47.
Rd2 b5 48. b3 a4 49. h4 axb3 50. axb3 bxc4 51. bxc4 Rh8 52. d8=Q+ Rxd8 53. Rxd8
Kxd8 54. Kxf4 Ke7 55. Ke5 Kd7 56. Kf6 1-0